书目信息 |
| 题名: |
艺术家引领社会
|
|
| 作者: | 波利希 著 ;张虹 译 | |
| 分册: | ||
| 出版信息: | 北京 北京师范大学出版社 2016 |
|
| 页数: | 11,166页 | |
| 开本: | 23cm | |
| 丛书名: | ||
| 单 册: | ||
| 中图分类: | J03 | |
| 科图分类: | ||
| 主题词: | 艺术家--yi shu jia--研究 | |
| 电子资源: | ||
| ISBN: | 978-7-303-20422-9 | |
| 000 | 01020nam0 22002651 450 | |
| 001 | 1755153941 | |
| 005 | 20170602161329.0 | |
| 010 | @a978-7-303-20422-9@b精装@dCNY66.00 | |
| 100 | @a20161115d2016 em y0chiy50 ea | |
| 101 | 1 | @achi@ceng |
| 102 | @aCN@b110000 | |
| 105 | @aa z 000yy | |
| 106 | @ar | |
| 200 | 1 | @a艺术家引领社会@Ayi shu jia yin ling she hui@dThe artist as leader@f(美)约瑟夫·波利希著@g张虹译@zeng |
| 210 | @a北京@c北京师范大学出版社@d2016 | |
| 215 | @a11,166页@c照片@d23cm | |
| 300 | @a艺术漫步 | |
| 330 | @a本书是作者任茱莉亚学院院长31年间挑选收集的讲话和文章汇编。内容包括:21世纪的音乐教育;展望未来:21世纪的国际音乐学院;美所承载的巨大价值;对巨大成功的看法;茱莉亚学院人性化的一面;文化、艺术和外交;音乐的广阔天地等。 | |
| 510 | 1 | @aArtist as leader@zeng |
| 606 | 0 | @a艺术家@Ayi shu jia@x研究 |
| 690 | @aJ03@v5 | |
| 701 | 0 | @c(美)@a波利希@Abo li xi@c(Polisi, Joseph W.)@4著 |
| 702 | 0 | @a张虹@Azhang hong@4译 |
| 801 | 0 | @aCN@bTANGWEI@c20170602 |
| 905 | @b0972375-8@dJ03@e385@f4 | |
| 艺术家引领社会=The artist as leader/(美)约瑟夫·波利希著/张虹译.-北京:北京师范大学出版社,2016 |
| 11,166页:照片;23cm |
| 艺术漫步 |
| ISBN 978-7-303-20422-9(精装):CNY66.00 |
| 本书是作者任茱莉亚学院院长31年间挑选收集的讲话和文章汇编。内容包括:21世纪的音乐教育;展望未来:21世纪的国际音乐学院;美所承载的巨大价值;对巨大成功的看法;茱莉亚学院人性化的一面;文化、艺术和外交;音乐的广阔天地等。 |
| ● |
| 相关链接 |
|
|
|
|
正题名:艺术家引领社会
索取号:J03/385
 
预约/预借
| 序号 | 登录号 | 条形码 | 馆藏地/架位号 | 状态 | 备注 |
| 1 | 0972375 | 209723753 | 第一样本阅览室/ [索取号:J03/385] | 在馆 | |
| 2 | 0972376 | 209723762 | 第一借阅区/ [索取号:J03/385] | 在馆 | |
| 3 | 0972377 | 209723771 | 第一借阅区/ [索取号:J03/385] | 在馆 | |
| 4 | 0972378 | 209723780 | 第一借阅区/ [索取号:J03/385] | 在馆 |